Feminismo latinoamericano: imperativo ético para la emancipación /
En este texto se trata el discurso ético feminista en torno a las consecuencias del neoliberalismo aplicado en América Latina durante la década del noventa y lo que ha implantado estructuras de desigualdad y miseria. En este proceso, mientras las mujeres de las capas medias y altas se convirtieron e...
Gespeichert in:
| 1. Verfasser: | |
|---|---|
| Format: | Text |
| Schlagworte: | |
| Tags: |
Tag hinzufügen
Keine Tags, Fügen Sie den ersten Tag hinzu!
|
MARC
| LEADER | 00000 a a2200000 04500 | ||
|---|---|---|---|
| 001 | 40317 | ||
| 003 | |||
| 040 | |||
| 100 | |a Carosio, Alba | ||
| 245 | |a Feminismo latinoamericano: |b imperativo ético para la emancipación / |c Alba Carosio | ||
| 520 | |a En este texto se trata el discurso ético feminista en torno a las consecuencias del neoliberalismo aplicado en América Latina durante la década del noventa y lo que ha implantado estructuras de desigualdad y miseria. En este proceso, mientras las mujeres de las capas medias y altas se convirtieron en objetivo principal de las estrategias de mercadeo de grandes corporaciones, y en su imaginario se instaló el ideal de la mujer autónoma, exitosa, perfectamente ajustada a un modelo de belleza y eficacia profesional y personal, los Planes de Ajuste eliminaron servicios sociales y produjeron desocupación en pos del objetivo de éxito mercantil que tuvo como víctimas principalmente a las mujeres latinoamericanas pobres. | ||
| 590 | |a RRA/ENERO2011 | ||
| 650 | |a 1.MUJERES | ||
| 650 | |a 2.FEMINISMO | ||
| 650 | |a 3.RELACIONES DE GENERO | ||
| 650 | |a 4.ETICA | ||
| 650 | |a 5.AMERICA LATINA | ||
| 650 | |a 6.VALORES SOCIALES | ||
| 650 | |a 7.GLOBALIZACION | ||
| 650 | |a 8.CONSUMO | ||
| 773 | |g páginas 229-252 | ||
| 999 | |c 28649 |d 28649 | ||
